Sports Quiz

Random Sports or Basketball Quiz

NCAA Basketball Champion Coaches Quiz Stats

 Plays Quiz Updated Apr 5, 2021

Support Sporcle.
Go Orange.
Score 0/82 Timer 10:00
2 Plays Today
Year Coach % Correct
2005Roy Williams
92.7%
2009Roy Williams
92.7%
1964John Wooden
91.7%
1965John Wooden
91.7%
1967John Wooden
91.7%
1968John Wooden
91.7%
1969John Wooden
91.7%
1970John Wooden
91.7%
1971John Wooden
91.7%
1972John Wooden
91.7%
1973John Wooden
91.7%
1975John Wooden
91.7%
2002Gary Williams
91.4%
1982Dean Smith
89.8%
1993Dean Smith
89.8%
1998Tubby Smith
89.7%
1991Mike Krzyzewski
89.3%
1992Mike Krzyzewski
89.3%
2001Mike Krzyzewski
89.3%
2017Roy Williams
89.2%
2015Mike Krzyzewski
89.1%
2013Rick Pitino
87.4%
2012John Calipari
87%
2010Mike Krzyzewski
85.7%
1976Bob Knight
85.5%
1981Bob Knight
85.5%
1987Bob Knight
85.5%
2008Bill Self
84.6%
Year Coach % Correct
2006Billy Donovan
84.4%
2007Billy Donovan
84.4%
2000Tom Izzo
84.2%
1996Rick Pitino
83.9%
2003Jim Boeheim
82.9%
1999Jim Calhoun
82.7%
2004Jim Calhoun
82.7%
2011Jim Calhoun
81.3%
2018Jay Wright
75.1%
1983Jim Valvano
74.8%
2021Scott Drew
73.4%
1984John Thompson
73.3%
2016Jay Wright
71%
1948Adolph Rupp
68.1%
1949Adolph Rupp
68.1%
1951Adolph Rupp
68.1%
1958Adolph Rupp
68.1%
2019Tony Bennett
66.7%
1997Lute Olson
64.9%
2014Kevin Ollie
62.2%
1990Jerry Tarkanian
60.6%
1988Larry Brown
54.8%
1994Nolan Richardson
54%
1989Steve Fisher
53.4%
1980Denny Crum
45.6%
1986Denny Crum
45.6%
1985Rollie Massimino
39.6%
1977Al McGuire
37.1%
Year Coach % Correct
1957Frank McGuire
36.7%
1966Don Haskins
30.4%
1995Jim Harrick
30.2%
1979Jud Heathcote
26.5%
1952Phog Allen
24.5%
1978Joe B. Hall
24.4%
1945Henry Iba
24.1%
1946Henry Iba
24.1%
1974Norm Sloan
14%
1940Branch McCracken
11.7%
1953Branch McCracken
11.7%
1959Pete Newell
10%
1960Fred Taylor
8.7%
1942Everett Dean
7%
1961Ed Jucker
7%
1962Ed Jucker
7%
1955Phil Woolpert
5.7%
1956Phil Woolpert
5.7%
1950Nat Holman
3.3%
1963George Ireland
3.2%
1941Bud Foster
3.2%
1944Vadal Peterson
2.7%
1939Howard Hobson
2.4%
1947Doggie Julian
2.4%
1954Ken Loeffler
2%
1943Everett Shelton
1.8%

You're not logged in!

Compare scores with friends on all Sporcle quizzes.
OR
Log In

From the Vault

First Word Tony Winners

by lolshortee

Without music, the world would B flat.
Remove Ads.
Support Sporcle.
Get the best of Sporcle when you Go Orange. This ad-free experience offers more features, more stats, and more fun while also helping to support Sporcle. Thank you for becoming a member.

Show Comments

Extras

Top Quizzes Today


Score Distribution

Your Account Isn't Verified!

In order to create a playlist on Sporcle, you need to verify the email address you used during registration. Go to your Sporcle Settings to finish the process.

Report this User

Report this user for behavior that violates our Community Guidelines.

Details: